000
00243nam a2200097Ia 4500
001
816149
005
20250826171710.0
008
250824s9999 xx 000 0 und d
245
0
_a
AYET AYET HAYAT
_c
YAVUZ BAHADIROĞLU
260
_b
PANAMA YAYINLARI
999
_c
816149
_d
816149